MARC details
| 000 -CABECERA |
| campo de control de longitud fija |
01905cam a2200301 i 4500 |
| 003 - IDENTIFICADOR DEL NÚMERO DE CONTROL |
| campo de control |
DO-SdBNP |
| 005 - FECHA Y HORA DE LA ÚLTIMA TRANSACCIÓN |
| campo de control |
20250702101133.0 |
| 007 - CAMPO FIJO DE DESCRIPCIÓN FÍSICA--INFORMACIÓN GENERAL |
| campo de control de longitud fija |
ta |
| 008 - DATOS DE LONGITUD FIJA--INFORMACIÓN GENERAL |
| campo de control de longitud fija |
751003s2017 sp a 000 f spa d |
| 020 ## - NÚMERO INTERNACIONAL ESTÁNDAR DEL LIBRO |
| Número Internacional Estándar del Libro |
9788415973904 |
| 040 ## - FUENTE DE LA CATALOGACIÓN |
| Centro catalogador/agencia de origen |
DO-SdBNP |
| Lengua de catalogación |
spa |
| Centro/agencia transcriptor |
BNPHU |
| Normas de descripción |
rda |
| 082 #4 - NÚMERO DE LA CLASIFICACIÓN DECIMAL DEWEY |
| Número de edición |
22 |
| 100 ## - ENTRADA PRINCIPAL--NOMBRE DE PERSONA |
| Nombre de persona |
Poe, Edgar Allan, |
| Fechas asociadas al nombre |
1809-1849 |
| 9 (RLIN) |
9903 |
| 245 10 - MENCIÓN DE TÍTULO |
| Título |
Diez cuentos de terror / |
| Mención de responsabilidad, etc. |
Edgar Allan Poe ; ilustraciones María Espejo ; traducción Susana Carral ; prólogo Luis Alberto de Cuenca |
| 264 #1 - PRODUCCIÓN, PUBLICACIÓN, DISTRIBUCIÓN, FABRICACIÓN Y COPYRIGHT |
| Producción, publicación, distribución, fabricación y copyright |
Madrid, España : |
| Nombre del de productor, editor, distribuidor, fabricante |
Reino de Cordelia, |
| Fecha de producción, publicación, distribución, fabricación o copyright |
2017. |
| 300 ## - DESCRIPCIÓN FÍSICA |
| Extensión |
229 páginas |
| Dimensiones |
22 cm. |
| 336 ## - TIPO DE CONTENIDO |
| Fuente |
rdacontent |
| Término de tipo de contenido |
texto |
| Código de tipo de contenido |
txt |
| 337 ## - TIPO DE MEDIO |
| Fuente |
rdamedia |
| Nombre/término del tipo de medio |
sin mediación |
| Código del tipo de medio |
n |
| 338 ## - TIPO DE SOPORTE |
| Fuente |
rdacarrier |
| Nombre/término del tipo de soporte |
volumen |
| Código del tipo de soporte |
nc |
| 500 ## - NOTA GENERAL |
| Nota general |
Incluye datos biográficos del autor y la ilustradora en la solapa de la portada. |
| 520 ## - SUMARIO, ETC. |
| Sumario, etc. |
Para muchos, los relatos de terror de Poe se hallan entre "los mejores cuentos del mundo". Influido por la moda de su época y por las pesadillas que sufrió desde su adolescencia, esconde en ellos una atmósfera macabra y enfermiza que contamina el ánimo de todos los lectores. Luis Alberto de Cuenca ha seleccionado los que a su juicio son los diez cuentos más terroríficos de Edgar Allan Poe, los más rotundos y perturbadores, para que María Espejo los ilustre a color con todo detalle. La lista la componen Berenice, Ligeia, La caída de la casa Usher, La máscara de la muerte roja, El pozo y el péndulo, El corazón delator, El gato negro, El entierro prematuro, La verdad sobre el caso del Sr. Valdemar y El barril de amortillado. El horror en estado puro, un territorio que rinde homenaje al sadismo necrófilo de un clásico. |
| 590 ## - NOTA LOCAL (RLIN) |
| Nota local |
Inventariado, 2023/ YL |
| 700 1# - PUNTO DE ACCESO ADICIONAL--NOMBRE DE PERSONA |
| Nombre de persona |
Espejo, María |
| Término indicativo de función/relación |
ilustraciones |
| 9 (RLIN) |
84386 |
| Fechas asociadas al nombre |
1981- |
| 700 1# - PUNTO DE ACCESO ADICIONAL--NOMBRE DE PERSONA |
| Nombre de persona |
Carral, Susana |
| Término indicativo de función/relación |
traducción |
| 9 (RLIN) |
42669 |
| 700 1# - PUNTO DE ACCESO ADICIONAL--NOMBRE DE PERSONA |
| Nombre de persona |
Cuenca, Luis Alberto de |
| Término indicativo de función/relación |
prólogo |
| 9 (RLIN) |
43244 |
| 910 ## - DATOS DE OPCIÓN DEL USUARIO (OCLC) |
| Datos de opción del usuario |
Ylockward |
| 942 ## - ELEMENTOS DE PUNTO DE ACCESO ADICIONAL (KOHA) |
| Fuente del sistema de clasificación o colocación |
Dewey Decimal Classification |
| Tipo de ítem Koha |
Libro |